|
|
|
|
| LEADER |
01158nam a2200301 4500 |
| 001 |
3976 |
| 003 |
BD-DhAAL |
| 005 |
20150518100137.0 |
| 008 |
150518s1992 nyuab b 001 0 eng |
| 010 |
|
|
|a 91039259
|
| 020 |
|
|
|a 0471548154 (alk. paper)
|
| 020 |
|
|
|a 0471548162 (pbk. : alk. paper)
|
| 040 |
|
|
|a DLC
|c DLC
|d DLC
|d BD-DhAAL
|
| 050 |
0 |
0 |
|a DS79.72
|b .C57 1992
|
| 082 |
0 |
0 |
|a 956.704/3
|2 20
|
| 100 |
1 |
|
|a Cipkowski, Peter.
|9 11094
|
| 245 |
1 |
0 |
|a Understanding the crisis in the Persian Gulf /
|c Peter Cipkowski.
|
| 260 |
|
|
|a New York :
|b Wiley,
|c c1992.
|
| 300 |
|
|
|a 179 p. :
|b ill., map ;
|c 22 cm.
|
| 490 |
|
|
|a Our changing world series
|
| 504 |
|
|
|a Includes bibliographical references and index.
|
| 520 |
|
|
|a Examines the major events leading up to the Persian Gulf War, the war itself, and its aftermath.
|
| 541 |
|
|
|e 3976
|
| 650 |
|
0 |
|a Persian Gulf War, 1991.
|9 11095
|
| 650 |
|
1 |
|a Persian Gulf War, 1991.
|9 11096
|
| 942 |
|
|
|2 ddc
|c BK
|
| 999 |
|
|
|c 34428
|d 34428
|
| 952 |
|
|
|0 0
|1 0
|2 ddc
|4 0
|6 956_704300000000000_CIP
|7 0
|9 53753
|a SCL
|b SCL
|c GEN
|d 2015-05-18
|e Gift: The Asia Foundation
|l 3
|m 10
|o 956.7043 CIP
|p 3020003976
|r 2019-09-25
|s 2019-09-25
|t 1
|w 2015-05-18
|y BK
|